Monk, Householder & Tantric Priest (Record no. 10596)

MARC details
000 -LEADER
fixed length control field 00698nam a2200253 a 4500
020 ## - INTERNATIONAL STANDARD BOOK NUMBER
ISBN 8185618
082 00 - DEWEY DECIMAL CLASSIFICATION NUMBER
Classification number 294.395496
Author Cutter GEL
100 ## - MAIN ENTRY--AUTHOR NAME
Author name Gellner, David N
245 ## - TITLE STATEMENT
Title Monk, Householder & Tantric Priest
Sub title Newar Buddhism & It Hierarchy of Ritual
260 ## - PUBLICATION, DISTRIBUTION, ETC. (IMPRINT)
Place of publication Delhi
Name of publisher Cambridge University Press
Year of publication 1992
300 ## - PHYSICAL DESCRIPTION
Number of Pages 428p
500 ## - GENERAL NOTE
General note includes index and biblioraphy
505 2# - FORMATTED CONTENTS NOTE
Formatted contents note Bibliography, Index
650 ## - SUBJECT ADDED ENTRY--TOPICAL TERM
Topical Term Buddhism-Nepal
650 ## - SUBJECT ADDED ENTRY--TOPICAL TERM
Topical Term Buddhism-Tantric
942 ## - ADDED ENTRY ELEMENTS (KOHA)
Koha item type Books
700 1# -
-- Gellner, David N
Holdings
Collection code Home library Current library Date acquired Cost, normal purchase price Full call number Accession Number Koha item type
  Henry Martyn Institute Library Henry Martyn Institute Library 07/20/2007 225.00 294.395496 GEL 017034 Books
                   Copyright © 2026 | Henry Martyn Institute | Hyderabad | TS-500052 | INDIA | Implemented by hmi.edu.in
Hit-Count:

Powered by Koha